000 01673nam a2200433 i 4500
001 193010
003 SpMaBN
005 20240524183403.0
007 ta
008 230722s2015 sp a | |||| 001 0dspa
017 _aZA 222-2015
_bOficina Depósito Legal Zamora
020 _a9788493985196
035 _a(OCoLC)948791422
035 _aa5784622
040 _aSpMaBN
_bspa
_cSpMaBN
_erdc
_dES-MaACL
080 _a929 Gómez Canedo, Lino
080 _a908(866.132)
100 1 _aGómez Canedo, Lino,
_d1908-1990
_0XX926682
_957855
_eaut
245 1 0 _aQuito en el corazón :
_bcontactos físicos, culturales y afectivos con Ecuador /
_cLino Gómez Canedo ; recopilación de textos, edición y notas de José Luis Soto Pérez.
260 _aSantiago de Compostela :
_bOrden de Frailes Menores,
_c2015.
300 _a467 páginas :
_bilustraciones (blanco y negro) ;
_c24 cm
336 _aTexto (visual)
_2isbdcontent
337 _asin mediación
_2isbdmedia
338 _2rdacarrier
_avolumen
490 1 _aErudición y conventualidad ;
_v2
500 _aÍndices
504 _aBibliografía: páginas 403-409
546 _aTextos en español e inglés
600 1 4 _aGómez Canedo, Lino,
_d1908-1990
_2embne
_957855
651 0 _aQuito (Ecuador)-
_xDescripción
_9236671
700 1 _aSoto Pérez, José Luis
_9166658
_epbl
830 _9225761
_aErudición y conventualidad ;
_v2
852 _aES-MaACL
_bR.152765
_cDEPOJ
_jN-8504
_hDonación: José Luis Soto Pérez
_9200316
903 _9166658
_aSoto Pérez, José Luis
_ednr
942 _n0
_cMONOGRAFIA
999 _c193010
_d193010